000 01329nam a2200361 a 4500
001 000108570
003 CHAP
005 20220329144017.0
008 140225s2012 mx sm |||||||spa d
010 _a105032
011 _a106004
040 _cCHAP
090 _aTesis
100 1 _aBautista Hernández, Beatriz
_910916
245 1 0 _aAnálisis del mercado de flora y fauna silvestre en Charco Cercado en el municipio de Guadalcazar, estado de San Luis Potosí
_h[En línea]
_cpor Beatriz Bautista Hernández.
260 _aChapingo, Méx. :
_bEl autor,
_c2012.
500 _aPara ver el contenido del material haga clic en la liga
502 _aTesis (M. C. en Ciencias Forestales) -- UACH. Departamento de División de Ciencias Forestales
590 _aBATCH-UPD
_b10
_c20140324
_lUCH01
_h1535
590 _aBATCH-UPD
_b10
_c20141002
_lUCH01
_h0856
590 _aBATCH
_b00
_c20181121
_lUCH01
_h0758
590 _aE11695DGD
_b10
_c20140303
_lUCH01
_h1044
590 _aE6096MTM
_b05
_c20140225
_lUCH01
_h1020
650 1 4 _aAves
_xMercadeo.
_98615
650 1 4 _aFlores silvestres.
_941744
650 1 4 _aFlores
_xMercadeo.
_941388
650 1 4 _aVida silvestre.
_9119155
856 _a1
_n0000838
856 _aFinding aid
_uhttp://10.13.5.2/tesis/sist108570.pdf
_zTeclea aquí
901 _aBK
942 _cCD
942 _n0
999 _c105032
_d105032